<?xml version="1.0" encoding="UTF-8"?>
<collection xmlns="http://www.loc.gov/MARC21/slim">
 <record>
  <leader>00847pamaa2200241   4500</leader>
  <controlfield tag="001">0000045740</controlfield>
  <controlfield tag="005">20130117090000.0</controlfield>
  <controlfield tag="008">090724                             eng  </controlfield>
  <datafield tag="020" ind1="0" ind2="0">
   <subfield code="a">9780672329166 / 0672329166 (CD-ROM) </subfield>
  </datafield>
  <datafield tag="090" ind1="0" ind2="0">
   <subfield code="a">QA76.73.P224 </subfield>
   <subfield code="b">WEL 2009</subfield>
  </datafield>
  <datafield tag="100" ind1="1" ind2="0">
   <subfield code="a">Welling </subfield>
  </datafield>
  <datafield tag="245" ind1="1" ind2="0">
   <subfield code="a">PHP and MySQL Web development [</subfield>
   <subfield code="m">CD-ROM]  </subfield>
   <subfield code="c">Luke Welling, Laura Thomson.</subfield>
  </datafield>
  <datafield tag="250" ind1="0" ind2="0">
   <subfield code="a">4th ed.</subfield>
  </datafield>
  <datafield tag="260" ind1="0" ind2="0">
   <subfield code="a">Upper Saddle River, NJ: </subfield>
   <subfield code="b">Addison-Wesley, </subfield>
   <subfield code="c">2009.</subfield>
  </datafield>
  <datafield tag="300" ind1=" " ind2=" ">
   <subfield code="a">1 CD-ROM; </subfield>
   <subfield code="c">4.5 inch.</subfield>
  </datafield>
  <datafield tag="500" ind1="0" ind2="0">
   <subfield code="a">To accompany textbook titled &quot;PHP and MySQL Web development / Luke Welling, Laura Thomson&quot;</subfield>
  </datafield>
  <datafield tag="501" ind1="0" ind2="0">
   <subfield code="a">BITMI</subfield>
  </datafield>
  <datafield tag="650" ind1="0" ind2="0">
   <subfield code="a">PHP (Computer program language) </subfield>
  </datafield>
  <datafield tag="650" ind1="0" ind2="0">
   <subfield code="a">MySQL (Electronic resource) </subfield>
  </datafield>
  <datafield tag="650" ind1="0" ind2="0">
   <subfield code="a">Web sites -- </subfield>
   <subfield code="x">Design </subfield>
  </datafield>
  <datafield tag="650" ind1="0" ind2="0">
   <subfield code="a">SQL (Computer program language) </subfield>
  </datafield>
  <datafield tag="700" ind1="1" ind2="1">
   <subfield code="a">Thomson, </subfield>
   <subfield code="h">Laura </subfield>
  </datafield>
  <datafield tag="901" ind1=" " ind2=" ">
   <subfield code="u">www.informit.com/aw</subfield>
  </datafield>
 </record>
</collection>
